000 00847cam a22002534a 4500
001 11949748
005 20180222032041.0
008 000322s2001 maua b 001 0 eng
010 _a 00037003
020 _a0072410264 (alk. paper)
040 _aDLC
_cDLC
_dDLC
041 _aeng
042 _apcc
043 _an-us---
080 _a657.835 WIL
082 0 0 _a657.835 WIL
_221
100 1 _a61
101 _aKF
245 1 0 _aAccounting for governmental and nonprofit entities /
_cEarl R. Wilson, Susan C. Kattellus, Leon E. Hay.
504 _aIncludes bibliographical references and index.
906 _a7
_bcbc
_corignew
_d1
_eocip
_f20
_gy-gencatlg
942 _2ddc
_cBK
999 _c43090
_d43090